000 00442nam a22001577a 4500
005 20240108163316.0
008 190621b xxu||||| |||| 00| 0 eng d
020 _a978-93-88706-12-4
041 _aeng
100 _aSHUKLA, DR. PADMINI .,ALOK,DR.SHASHI.,SHUKLA,DR. PRABODH
_98331
245 _aA TEXT BOOK OF PHARMACOGNOSY AND PHYTOCHEMISTRY- I
250 _a1st, 2019
260 _aPUNE
_bNIRALI PRAKASHAN
300 _a19.6p,
942 _cBK
999 _c5966
_d5964